<?xml version="1.0" encoding="UTF-8"?><?xml-stylesheet type="text/xsl" href="static/style.xsl"?><OAI-PMH xmlns="http://www.openarchives.org/OAI/2.0/" xmlns:xsi="http://www.w3.org/2001/XMLSchema-instance" xsi:schemaLocation="http://www.openarchives.org/OAI/2.0/ http://www.openarchives.org/OAI/2.0/OAI-PMH.xsd"><responseDate>2026-06-02T00:42:11Z</responseDate><request verb="GetRecord" identifier="oai:riuma.uma.es:10630/10956" metadataPrefix="marc">https://riuma.uma.es/rest/oai/request</request><GetRecord><record><header><identifier>oai:riuma.uma.es:10630/10956</identifier><datestamp>2026-02-03T12:05:56Z</datestamp><setSpec>com_10630_2254</setSpec><setSpec>col_10630_37959</setSpec></header><metadata><record xmlns="http://www.loc.gov/MARC21/slim" xmlns:dcterms="http://purl.org/dc/terms/" xmlns:doc="http://www.lyncode.com/xoai" xmlns:xsi="http://www.w3.org/2001/XMLSchema-instance" xsi:schemaLocation="http://www.loc.gov/MARC21/slim http://www.loc.gov/standards/marcxml/schema/MARC21slim.xsd">
   <leader>00925njm 22002777a 4500</leader>
   <datafield ind2=" " ind1=" " tag="042">
      <subfield code="a">dc</subfield>
   </datafield>
   <datafield ind2=" " ind1=" " tag="720">
      <subfield code="a">Bárcena-Martín, Elena María</subfield>
      <subfield code="e">author</subfield>
   </datafield>
   <datafield ind2=" " ind1=" " tag="260">
      <subfield code="c">2016-02-08</subfield>
   </datafield>
   <datafield ind2=" " ind1=" " tag="520">
      <subfield code="a">The existing literature on welfare decentralization has not produced a robust set of measures and properties and no consensus has emerged on how inequalities arising from welfare decentralization should be aggregated into a composite index. The measurement of the global effects on inequality has usually focused on one of two dimensions: adequacy and coverage. The orderings of regions or the levels of inter-regional inequality can be very different depending on the chosen outcome. In this paper we propose new approaches that may contribute to the development of a more comprehensive picture of these types of inequality. First, we propose new measures combining both dimensions. Second, we propose to measure the contribution of each region to inequality making use of the Gini index and the interpretation of this inequality measure in terms of deprivation. Third, we provide an interpretation of the decomposition of the change in welfare inequalities in terms of progressivity and re-ranking components. Fourth, we analyze the notions of inequality and convergence considering adequacy, coverage and a measure that combines both dimensions under a unified framework.</subfield>
   </datafield>
   <datafield ind1="8" ind2=" " tag="024">
      <subfield code="a">http://hdl.handle.net/10630/10956</subfield>
   </datafield>
   <datafield ind1="8" ind2=" " tag="024">
      <subfield code="a">http://orcid.org/0000-0002-0645-5933</subfield>
   </datafield>
   <datafield tag="653" ind2=" " ind1=" ">
      <subfield code="a">Desigualdad social</subfield>
   </datafield>
   <datafield tag="653" ind2=" " ind1=" ">
      <subfield code="a">Distribución de la renta</subfield>
   </datafield>
   <datafield ind2="0" ind1="0" tag="245">
      <subfield code="a">The Measurement of Adequacy and Coverage in Decentralized Minimum Income Schemes: An Application to Spanish Regions</subfield>
   </datafield>
</record>
</metadata></record></GetRecord></OAI-PMH>